| 000 | 004600000a22001930004500 | ||
|---|---|---|---|
| 005 | 20120302055230.0 | ||
| 942 | _cBOOK | ||
| 100 | _a Degawekar,Ma.Paa. | ||
| 245 | _a Athitidevo Bhava | ||
| 260 | _aPune:Heramba,1994. | ||
| 490 | _aSanskrit Gadya Saurabha Granthmaalaa-3 | ||
| 040 | _aSAN | ||
| 365 | _b125/- | ||
| 650 | _aSankirna | ||
| 650 | _aVaidika Saahitya | ||
| 650 | _aAthiti Satkaar | ||
| 650 | _aVedottar Kaal | ||
| 650 | _aGranth Sambhaara | ||
| 999 |
_c347844 _d347841 |
||